Sports Quiz

Random Sports or Soccer Quiz

Random Football/Soccer Quiz 6! Stats

 Plays Quiz not verified by Sporcle

Support Sporcle.
Go Orange.
Score 0/12 Timer 08:00
0 Plays Today
Hint Answer % Correct
Who is Uruguay's all time top goalscorer?Luis Suarez
96%
In 2017, who became the most expensive footballer of all time?Neymar
95.2%
Who has the most assists in the Premier League for Arsenal?Thierry Henry
71.8%
Which African holds the record for most La Liga appearance apps?Samuel Eto'o
58.1%
Who is the most expensive African player?Victor Osimhen
44.4%
Who has the most caps for Greece?Giorgos Karagounis
29.8%
Which club has the most Welsh Premier League titles?T.N.S
29%
Sheriff Tiraspol is a football club from which country?Moldova
26.6%
Shaun Goater represented which Nation?Bermuda
20.2%
Deco made his senior career debut for which club?Corinthians
16.1%
Dani Alves made his senior debut for which club?Bahia
8.1%
Who is Benfica's most expensive transfer?Darwin Nunez
0.8%

You're not logged in!

Compare scores with friends on all Sporcle quizzes.
OR
Log In

From the Vault

Quick True/False: World Capitals VI

by LisaSimpsonOH

Well, at least you have a 50/50 chance.
Remove Ads.
Support Sporcle.
Get the best of Sporcle when you Go Orange. This ad-free experience offers more features, more stats, and more fun while also helping to support Sporcle. Thank you for becoming a member.

Show Comments

Extras

Created Nov 26, 2017ReportNominate
Tags:Football Quiz, Soccer Quiz, luck

Top Quizzes Today


Score Distribution

Your Account Isn't Verified!

In order to create a playlist on Sporcle, you need to verify the email address you used during registration. Go to your Sporcle Settings to finish the process.

Report this User

Report this user for behavior that violates our Community Guidelines.

Details: